[Event "SVK-ch U08"]
[Site "Tatralandia"]
[Date "2025.05.18"]
[Round "9"]
[White "Stetina, Simon"]
[Black "Glod, Lukas"]
[Result "1-0"]
[WhiteElo "1139"]
[BlackElo "1000"]
[PlyCount "99"]
[EventDate "2025.05.11"]
[EventType "swiss"]
[EventRounds "9"]
[EventCountry "SVK"]
[SourceTitle "CB21_2025"]
[SourceDate "2025.05.21"]
[SourceVersion "1"]
[SourceVersionDate "2025.05.21"]
[SourceQuality "1"]

1. e4 c5 2. Bc4 Nc6 3. Nf3 e6 4. Nc3 g6 5. d3 Bg7 6. Bd2 h6 7. Qe2 Nf6 8. Be3 0-0 9. 0-0 d5 10. Bxc5 dxc4 11. Bxf8 cxd3 12. cxd3 Qxf8 13. Rad1 b6 14. a3 Bb7 15. d4 Qc8 16. d5 exd5 17. exd5 Ba6 18. Nb5 Qf5 19. a4 Nxd5 20. Qd2 Nf4 21. Nc7 Qg4 22. Nh4 Qxh4 23. Nxa8 Qg4 24. f3 Ne2+ 25. Kh1 Ng3+ 26. hxg3 Qh5+ 27. Kg1 Bd4+ 28. Rf2 Bxf2+ 29. Qxf2 Kh7 30. Nc7 Bc4 31. Rc1 Bd5 32. Qc2 Nd4 33. Qd3 Nxf3+ 34. gxf3 Bxf3 35. Kf2 Bg4 36. Qe4 Qh2+ 37. Qg2 Qh5 38. Nd5 Qf5+ 39. Kg1 Bf3 40. Ne3 Qe4 41. Qf2 Kg7 42. Rf1 Qxa4 43. Qxf3 Qb3 44. Nf5+ gxf5 45. Qxb3 Kg6 46. Qf3 Kg7 47. Qxf5 Kh8 48. Qxf7 a5 49. Qe7 Kg8 50. Rf8# 1-0

[Event "SVK-ch U08"]
[Site "Tatralandia"]
[Date "2025.05.15"]
[Round "6"]
[White "Hrcka, Timotej"]
[Black "Stetina, Simon"]
[Result "1/2-1/2"]
[WhiteElo "1000"]
[BlackElo "1139"]
[PlyCount "43"]
[EventDate "2025.05.11"]
[EventType "swiss"]
[EventRounds "9"]
[EventCountry "SVK"]
[SourceTitle "CB21_2025"]
[SourceDate "2025.05.21"]
[SourceVersion "1"]
[SourceVersionDate "2025.05.21"]
[SourceQuality "1"]

1. e4 e5 2. Nf3 Nc6 3. Nc3 Nf6 4. Bc4 Bc5 5. 0-0 0-0 6. d3 h6 7. Be3 Bb6 8. Re1 d6 9. h3 Be6 10. Bb3 Qe7 11. Qe2 Rad8 12. Rad1 Rfe8 13. d4 exd4 14. Nxd4 Nxd4 15. Bxd4 Bxd4 16. Rxd4 a6 17. Nd5 Bxd5 18. Bxd5 Nxd5 19. Rxd5 c6 20. Rdd1 d5 21. e5 f6 22. f4 1/2-1/2

[Event "SVK-ch U08"]
[Site "Tatralandia"]
[Date "2025.05.14"]
[Round "5"]
[White "Motyka, Richard"]
[Black "Stetina, Simon"]
[Result "0-1"]
[WhiteElo "1234"]
[BlackElo "1139"]
[PlyCount "130"]
[EventDate "2025.05.11"]
[EventType "swiss"]
[EventRounds "9"]
[EventCountry "SVK"]
[SourceTitle "CB21_2025"]
[SourceDate "2025.05.21"]
[SourceVersion "1"]
[SourceVersionDate "2025.05.21"]
[SourceQuality "1"]

1. e4 e5 2. Nf3 Nc6 3. Nc3 Bc5 4. d3 Nf6 5. Bg5 0-0 6. Be2 h6 7. Bh4 Be7 8. 0-0 d6 9. h3 Nh5 10. Bxe7 Qxe7 11. Nd5 Qd8 12. Nd2 Nf6 13. c3 Nxd5 14. exd5 Ne7 15. Qb3 c6 16. dxc6 Nxc6 17. Bf3 Qg5 18. Ne4 Qg6 19. Kh1 Rb8 20. Ng3 Be6 21. Qc2 Rbd8 22. Bxc6 bxc6 23. Rfd1 c5 24. Qa4 Bd5 25. c4 Bc6 26. Qxc6 f5 27. Qd5+ Kh8 28. Qf3 Qg5 29. a4 Rde8 30. Qh5 Qf4 31. Qf3 Qg5 32. Ra3 e4 33. dxe4 fxe4 34. Nxe4 Qg6 35. Rxd6 Qxe4 36. Qxe4 Rxe4 37. Re3 Rxc4 38. Ra6 Rxf2 39. Rxa7 Rcc2 40. Rc3 Rxb2 41. Rxc5 Rxg2 42. Rc1 Rh2+ 43. Kg1 Rxh3 44. a5 Rg3+ 45. Kf1 Rh2 46. a6 Rgh3 47. Ra8+ Kh7 48. a7 Rh1+ 49. Kg2 R1h2+ 50. Kg1 Ra2 51. Rh8+ Kxh8 52. Rc8+ Kh7 53. a8Q Rxa8 54. Rxa8 Rf3 55. Ra6 Rf6 56. Ra3 g5 57. Rh3 Kg6 58. Kg2 Rf5 59. Rg3 h5 60. Kh3 h4 61. Rg4 Kh5 62. Rg2 Rf3+ 63. Kh2 g4 64. Kh1 h3 65. Rh2 Rf1# 0-1

[Event "SVK-ch U08"]
[Site "Tatralandia"]
[Date "2025.05.13"]
[Round "3"]
[White "Stetina, Simon"]
[Black "Kalinak, Martin"]
[Result "0-1"]
[WhiteElo "1139"]
[BlackElo "1561"]
[PlyCount "106"]
[EventDate "2025.05.11"]
[EventType "swiss"]
[EventRounds "9"]
[EventCountry "SVK"]
[SourceTitle "CB21_2025"]
[SourceDate "2025.05.21"]
[SourceVersion "1"]
[SourceVersionDate "2025.05.21"]
[SourceQuality "1"]

1. e4 c5 2. Bc4 e6 3. Nc3 Nc6 4. Nf3 Qc7 5. 0-0 Be7 6. d3 h6 7. Be3 Nf6 8. Qe2 0-0 9. Rac1 b6 10. a3 Bb7 11. Nb5 Qb8 12. Nc3 Ne5 13. Nxe5 Qxe5 14. Nb5 a6 15. Nc3 d5 16. f4 Qc7 17. exd5 exd5 18. Nxd5 Bxd5 19. Bxd5 Nxd5 20. Bd2 Rfe8 21. Qe5 Qc6 22. c4 Nf6 23. Qe3 Rad8 24. Qf3 Qd7 25. Rc3 b5 26. cxb5 Qxb5 27. b3 Qb6 28. Be3 Qb5 29. Rfc1 Rxd3 30. a4 Qd7 31. Qe2 Rd8 32. Rxd3 Qxd3 33. Qxd3 Rxd3 34. Bxc5 Bxc5+ 35. Rxc5 Rd1+ 36. Kf2 Ne4+ 37. Ke2 Rd2+ 38. Ke3 Nxc5 39. Kxd2 Nxb3+ 40. Kc3 Nc5 41. Kb4 Nxa4 42. Kxa4 Kh7 43. Ka5 Kg6 44. g4 f5 45. h3 fxg4 46. hxg4 h5 47. f5+ Kg5 48. gxh5 Kxh5 49. Kxa6 Kg5 50. Kb5 Kxf5 51. Kc4 Kf4 52. Kd4 g5 53. Kd3 Kf3 0-1

[Event "SVK-chT U16 rapid"]
[Site "Poprad"]
[Date "2025.05.04"]
[Round "1.3"]
[White "Stetina, Simon"]
[Black "Ropovik, Samuel"]
[Result "0-1"]
[WhiteElo "1448"]
[BlackElo "1814"]
[PlyCount "114"]
[EventDate "2025.05.04"]
[EventType "team-swiss (rapid)"]
[EventRounds "7"]
[EventCountry "SVK"]
[SourceTitle "CB19_2025"]
[SourceDate "2025.05.07"]
[SourceVersion "1"]
[SourceVersionDate "2025.05.07"]
[SourceQuality "1"]

1. e4 c5 2. Bc4 Nc6 3. d3 e6 4. c3 Nf6 5. Bf4 d5 6. exd5 Nxd5 7. Bxd5 Qxd5 8. Nf3 Be7 9. 0-0 0-0 10. Bg3 Rd8 11. Bc7 Rd7 12. c4 Qxd3 13. Qxd3 Rxd3 14. Nc3 Bd7 15. Rad1 Rxd1 16. Rxd1 Be8 17. Ne5 Nxe5 18. Bxe5 Rd8 19. Rxd8 Bxd8 20. f3 Bc6 21. Ne4 Bxe4 22. fxe4 Bf6 23. Bxf6 gxf6 24. Kf2 Kg7 25. Kf3 Kg6 26. Kg4 h5+ 27. Kf4 e5+ 28. Kf3 f5 29. g3 Kf6 30. h4 fxe4+ 31. Kxe4 Ke6 32. b3 b6 33. a4 a5 34. Ke3 Kf5 35. Kf3 f6 36. Ke3 Kg4 37. Kf2 e4 38. Ke3 f5 39. Kf2 f4 40. gxf4 Kxf4 41. Kg2 Ke3 42. Kf1 Kd2 43. Kf2 e3+ 44. Kf3 e2 45. Ke4 e1Q+ 46. Kd5 Qe8 47. Kd6 Qc8 48. Ke5 Qd7 49. Ke4 Qd4+ 50. Kf5 Qe3 51. Kg6 Qf3 52. Kg5 Ke3 53. Kg6 Qg4+ 54. Kh6 Kf4 55. Kh7 Ke5 56. Kh6 Kf6 57. Kh7 Qg7# 0-1

[Event "SVK-chT U16 rapid"]
[Site "Poprad"]
[Date "2025.05.04"]
[Round "2.31"]
[White "Vidova, Miriam"]
[Black "Stetina, Simon"]
[Result "1/2-1/2"]
[WhiteElo "1422"]
[BlackElo "1448"]
[PlyCount "59"]
[EventDate "2025.05.04"]
[EventType "team-swiss (rapid)"]
[EventRounds "7"]
[EventCountry "SVK"]
[SourceTitle "CB19_2025"]
[SourceDate "2025.05.07"]
[SourceVersion "1"]
[SourceVersionDate "2025.05.07"]
[SourceQuality "1"]

1. e4 e5 2. Nf3 d6 3. Nc3 c6 4. Bc4 h6 5. d3 Nf6 6. h3 Be7 7. a3 0-0 8. Nh4 Nbd7 9. Qf3 Nb6 10. Qg3 Nxc4 11. Bxh6 Nh5 12. Qf3 gxh6 13. Nf5 Bxf5 14. Qxf5 Ng7 15. Qf3 Nb6 16. 0-0-0 Bg5+ 17. Kb1 Qf6 18. Qe2 Qe7 19. g3 Rad8 20. h4 Bf6 21. Qe3 Kh7 22. Rh3 Qe6 23. Rdh1 h5 24. R3h2 Qg4 25. Rg1 Qg6 26. Qf3 Be7 27. g4 f6 28. Rgg2 d5 29. gxh5 Qxh5 30. Rxg7+ 1/2-1/2

[Event "SVK-ch U08"]
[Site "Tatralandia"]
[Date "2024.04.09"]
[Round "6"]
[White "Hadidom, Peter"]
[Black "Stetina, Simon"]
[Result "0-1"]
[WhiteElo "1000"]
[BlackElo "1000"]
[PlyCount "70"]
[EventDate "2024.04.05"]
[EventType "swiss"]
[EventRounds "9"]
[EventCountry "SVK"]
[SourceTitle "CBM 219 Extra"]
[Source "ChessBase"]
[SourceDate "2024.05.31"]
[SourceVersion "1"]
[SourceVersionDate "2024.05.31"]
[SourceQuality "1"]

1. g3 d5 2. e3 e5 3. Bg2 Nf6 4. Ne2 Bd6 5. 0-0 0-0 6. d4 e4 7. b3 Be6 8. Ba3 Bxa3 9. Nxa3 Qc8 10. Nf4 Bg4 11. Qd2 Re8 12. h3 Be6 13. Nxe6 Qxe6 14. Qb4 b6 15. Nb5 a5 16. Qa3 Qc6 17. c4 dxc4 18. bxc4 Na6 19. d5 Qxc4 20. Nc3 Nxd5 21. Nxd5 Qxd5 22. f3 Nb4 23. Rfc1 exf3 24. Bf1 Qe5 25. Rc3 Nc2 26. Qb2 Nxa1 27. Qxa1 Qxg3+ 28. Kh1 f2 29. Bg2 Rad8 30. e4 Qd6 31. Re3 Qd1+ 32. Qxd1 Rxd1+ 33. Kh2 Rd2 34. Rc3 f1Q 35. Rf3 Qxg2# 0-1

[Event "SVK-ch U08"]
[Site "Tatralandia"]
[Date "2024.04.08"]
[Round "5"]
[White "Stetina, Simon"]
[Black "Kurnavka, Juraj"]
[Result "1/2-1/2"]
[WhiteElo "1000"]
[BlackElo "1000"]
[PlyCount "65"]
[EventDate "2024.04.05"]
[EventType "swiss"]
[EventRounds "9"]
[EventCountry "SVK"]
[SourceTitle "CBM 219 Extra"]
[Source "ChessBase"]
[SourceDate "2024.05.31"]
[SourceVersion "1"]
[SourceVersionDate "2024.05.31"]
[SourceQuality "1"]

1. d4 f5 2. Bg5 Nf6 3. Bxf6 exf6 4. Qd3 g6 5. e3 Bg7 6. Nf3 0-0 7. Be2 d5 8. 0-0 Nc6 9. a3 b6 10. Nc3 Bb7 11. Rad1 Re8 12. b4 Qe7 13. b5 Na5 14. Qd2 Nc4 15. Bxc4 dxc4 16. Qe2 Qf7 17. Qd2 Bxf3 18. gxf3 Rad8 19. Kh1 Qe7 20. Rde1 Qxa3 21. Ra1 Qd6 22. Rxa7 Ra8 23. Rfa1 Rxa7 24. Rxa7 Qf8 25. Rxc7 Rc8 26. Rxc8 Qxc8 27. Nd5 Qd7 28. Nxb6 Qxb5 29. Nc8 Qb1+ 30. Kg2 Bf8 31. Qc3 Qb4 32. Qxb4 Bxb4 33. Na7 1/2-1/2